000
00326nam a22001457a 4500
003
SGT
020
_a
978-0-323-35992-9
082
_a
610.7368
_b
F17V
100
_a
VALFRE, MORRISON
245
_a
FOUNDATIONS OF MENTAL HEALTH CARE
250
_a
6TH
260
_a
LOUIS
_b
ELSEVIER
_c
2017
300
_a
434
942
_2
ddc
_c
BK
999
_c
15208
_d
15208